Countries Formerly Ruled by Queen Elizabeth II - Statistics

General Stats
  • This quiz has been taken 37 times
  • The average score is 8 of 16
Answer Stats
Reign Answer % Correct
1952-1961 South Africa
83%
1963-1964 Kenya
67%
1957-1960 Ghana
60%
1960-1963 Nigeria
60%
1952-1956 Pakistan
60%
1961-1962 Tanganyika
53%
1952-1972 Ceylon
50%
1970-1987 Fiji
47%
1965-1970 The Gambia
47%
1962-1963 Uganda
47%
1964-1966 Malawi
37%
1968-1992 Mauritius
37%
1964-1974 Malta
33%
1961-1971 Sierra Leone
33%
1966-1970 Guyana
30%
1962-1976 Trinidad and Tobago
30%
No matching quizzes found
Score Distribution
Percent of People with Each Score
Percentile by Number Answered
Your Score History
You have not taken this quiz